书目信息 |
| 题名: |
女性的奥秘
|
|
| 作者: | 弗里丹 著 | |
| 分册: | ||
| 出版信息: | 哈尔滨 北方文艺出版社 1999.02 |
|
| 页数: | 448页 | |
| 开本: | 32开 | |
| 丛书名: | ||
| 单 册: | ||
| 中图分类: | C913.14 | |
| 科图分类: | ||
| 主题词: | 社会生活 , 社会问题 | |
| 电子资源: | ||
| ISBN: | 7-5317-1151-6 | |
| 000 | 00562nam0 2200205 45 | |
| 001 | 0011142026 | |
| 005 | 20001114203505.0 | |
| 010 | @a7-5317-1151-6@d21.80元 | |
| 100 | @a20001114d1999 km y0chiy0120 ea | |
| 101 | 0 | @achi |
| 105 | @a z 000yy | |
| 200 | 1 | @a女性的奥秘@ANu Xing De Ao Mi@f(美)弗里丹著@F(Mei)Fu Li Dan Zhu |
| 210 | @a哈尔滨@c北方文艺出版社@d1999.02 | |
| 215 | @a448页@d32开 | |
| 606 | 0 | @a社会生活 |
| 606 | 0 | @a社会问题 |
| 690 | @aC913.14@v3 | |
| 701 | 0 | @a弗里丹@4著 |
| 801 | @aCN@bPftUser@c20001114 | |
| 905 | @b406168-172@dC913.14@eF141@f5 | |
| 女性的奥秘/(美)弗里丹著.-哈尔滨:北方文艺出版社,1999.02 |
| 448页;32开 |
| ISBN 7-5317-1151-6:21.80元 |
| ● |
| 相关链接 |
|
|
|
正题名:女性的奥秘
索取号:C913.14/F141
 
预约/预借
| 序号 | 登录号 | 条形码 | 馆藏地/架位号 | 状态 | 备注 |
| 1 | 406168 | 204061683 | 社科库509/ [索取号:C913.14/F141] | 在馆 | |
| 2 | 406170 | 204061709 | 社科库509/ [索取号:C913.14/F141] | 在馆 | |
| 3 | 406171 | 204061718 | 社科库509/509社科库 61排4列1层/ [索取号:C913.14/F141] | 在馆 | |
| 4 | 406172 | 204061727 | 社科库509/509社科库 61排4列1层/ [索取号:C913.14/F141] | 在馆 | |
| 5 | 494753 | 204947530 | 社科库509/509社科库 61排4列1层/ [索取号:C913.14/F141] | 在馆 |